00433cam a2200145 a 4500020001500000040000800015082002600023245002900049250001200078260003800090300010000128650001400228650002300242700002200265 a0716731363 cDLC00a571 FRE 2000 A124 Co.00aMolecular cell biology / a4th ed. aNew York :bW.H. Freeman,cc2000. axxxvi, 1084, G-17, I-36 p. :bill. (some col.);ccm.e1 computer laser optical disc (4 3/4 in.) 0aCytology. 0aMolecular biology.1 aLodish, Harvey F.